TRO Brands Game - Statistics

General Stats
  • This quiz has been taken 172 times
    105 since last reset
  • The average score is 28 of 40
Answer Stats
Picture Answer % Correct
monster
98%
adidas
92%
oakley
92%
peppa pig
90%
puma
90%
beats
88%
levi
88%
chanel
85%
marshall
85%
tiffany
85%
yeti
85%
rayban
81%
versace
81%
converse
79%
jack daniels
79%
marvel
79%
crayola
77%
harley davidson
77%
nike
77%
albert einstein
75%
dewalt
75%
the beatles
75%
tesla
73%
timberland
69%
elvis presley
67%
gucci
67%
louis vuitton
67%
the north face
67%
rubiks
65%
bvlgari
63%
iron maiden
58%
mcm
58%
lamborghini
56%
teenage mutant
54%
stussy
50%
lululemon
40%
shopkins
38%
tommy hilfiger
35%
volcom
35%
kanahei
10%
No matching quizzes found
Score Distribution
Percent of People with Each Score
Percentile by Number Answered
Your Score History
You have not taken this quiz since the last reset